Trois Villes, Un Pays #5 - Statistiques

Statistiques générales
  • Ce quiz a été pris 65 fois
  • Le résultat moyen est 11 sur 15
Statistiques - réponses
Villes Pays % Correct
Naples, Milan, Turin Italie
100%
Osaka, Sapporo, Naha Japon
100%
Glasgow, Saint-Hélier, Belfast Royaume-Uni
97%
Liège, Charleroi, Spa Belgique
95%
Tolède, Grenade, Pampelune Espagne
95%
Bâle, Zurich, Sion Suisse
95%
Mumbai, Hyderabad, Chennai Inde
94%
Da Nang, Hái Phòng, Hô Chi Minh-Ville Viêt Nam
92%
Cork, Waterford, Galway Irlande
87%
Trujillo, Arequipa, Cuzco Pérou
77%
Pécs, Szeged, Debrecen Hongrie
52%
Rangoun, Mandalay, Taunggyi Birmanie
50%
Aqaba, Ma'an, Irbid Jordanie
32%
Cabinda, Huambo, Namibe Angola
27%
Salalah, Sohar, Sib Oman
27%
Aucun quiz correspondant
Distribution des résultats
% des personnes avec chaque résultat
Percentile par nombre de réponses
Votre historique - résultats
Vous n’avez pas pris ce quiz